000 00788nam a2200265 i 4500
003 DO-SdBNP
005 20251117090119.0
007 ta
008 250429b2024 |||||||| |||| 00| 0 eng d
020 _a9878480174619
040 _aDO-SdBNP
_bspa
_cBNPHU
_erda
041 _hspa
082 4 _aRD863.44
_bC352
_222
100 1 _aCastillo R. Carlos R.,
_eautor
_4aut.
_987238
245 1 0 _aRaíces sin Derechos: ( dominicanos razondo la apatrida) /
_cCarlos R. Castillo R.
264 4 _aSanto Domingo :
_bEditorial Betania,
_c©2024.
300 _a224 páginas :
_c25 cm
336 _atexto
_btxt
_2rdacontent
337 _asin mediación
_bn
_2rdamedia
338 _avolumen
_bnc
_2rdacarrier
490 0 _aNarrativa
590 _aInventariado, 2025/DG
910 _aDG
942 _2ddc
_cLBS1
999 _c58468
_d58468